| 000 | 00498nam a2200181Ia 4500 | ||
|---|---|---|---|
| 003 | OSt | ||
| 005 | 20250806101836.0 | ||
| 008 | 210210b1963 xxu||||| |||| 00| 0 eng d | ||
| 040 | _cAL | ||
| 041 | _akan | ||
| 082 | _a859/1760 | ||
| 100 |
_aVENKATACHARYA (B) _9156456 _dವೆಂಕಟಾಚಾರ್ಯ (ಬಿ) |
||
| 245 |
_aVishavraksha: _bವಿಷವೃಕ್ಷ |
||
| 260 |
_aBengaluru _bSahitya Mandira _c1912 |
||
| 690 |
_aKannada Fiction _9156457 |
||
| 906 | _a022481 | ||
| 942 |
_2ddc _cBK |
||
| 999 |
_c146884 _d146884 |
||